Les préfectures sans .... ou avec... (1) - Statistiques

Statistiques générales
  • Ce quiz a été pris 34 fois
    33 depuis la dernière actualisation
  • Le résultat moyen est 68 sur 84
Statistiques - réponses
Hint Réponse % Correct
Sans la lettre E Dijon
96%
Sans la lettre A Dijon
96%
Sans la lettre A Lille
96%
Sans la lettre A Metz
96%
Sans la lettre A Rouen
96%
Sans la lettre E Toulon
96%
Sans la lettre A Toulon
96%
Sans la lettre A Toulouse
96%
Ne termine pas par S mais avec au moins un S Toulouse
96%
Sans la lettre A Limoges
92%
Sans la lettre E Lyon
92%
Sans la lettre A Lyon
92%
Sans la lettre A Nevers
92%
Sans la lettre A Nice
92%
Sans la lettre A Nîmes
92%
Sans la lettre A Quimper
92%
Sans la lettre A Rennes
92%
Sans la lettre E Strasbourg
92%
Ne termine pas par S mais avec au moins un S Strasbourg
92%
Sans la lettre E Tours
92%
Sans la lettre A Tours
92%
Sans la lettre A Troyes
92%
Sans la lettre E Arras
88%
Sans la lettre A Belfort
88%
Sans la lettre A Cergy
88%
Sans la lettre A Évreux
88%
Sans la lettre A Évry-Courcouronnes
88%
Sans la lettre A Grenoble
88%
Sans la lettre E Paris
88%
Sans la lettre E Pau
88%
Sans la lettre A Poitiers
88%
Sans la lettre E Albi
83%
Sans la lettre E Blois
83%
Sans la lettre A Blois
83%
Sans la lettre A Bourg-en-Bresse
83%
Ne termine pas par S mais avec au moins un S Bourg-en-Bresse
83%
Sans la lettre E Colmar
83%
Sans la lettre A Melun
83%
Sans la lettre A Mende
83%
Sans la lettre A Montpellier
83%
Sans la lettre E Niort
83%
Sans la lettre A Niort
83%
Sans la lettre A Périgueux
83%
Sans la lettre A Tulle
83%
Sans la lettre E Ajaccio
79%
Sans la lettre E Auch
79%
Sans la lettre E Bastia
79%
Ne termine pas par S mais avec au moins un S Bastia
79%
Sans la lettre A Bourges
79%
Sans la lettre E Foix
79%
Sans la lettre A Foix
79%
Sans la lettre E Gap
79%
Sans la lettre A Guéret
79%
Sans la lettre E Laval
79%
Sans la lettre E Nancy
79%
Sans la lettre A Rodez
79%
Sans la lettre E Saint-Lô
79%
Ne termine pas par S mais avec au moins un S Saint-Lô
79%
Sans la lettre E Aurillac
75%
Sans la lettre E Avignon
75%
Sans la lettre E Cahors
75%
Ne termine pas par S mais avec au moins un S Châlons-en-Champagne
75%
Ne termine pas par S mais avec au moins un S Mont-de-Marsan
75%
Sans la lettre E Moulins
75%
Sans la lettre A Moulins
75%
Sans la lettre A Vesoul
75%
Ne termine pas par S mais avec au moins un S Vesoul
75%
Sans la lettre E Bobigny
71%
Sans la lettre A Bobigny
71%
Ne termine pas par S mais avec au moins un S Carcassonne
71%
Sans la lettre E Chaumont
71%
Sans la lettre E Laon
71%
Sans la lettre E Mâcon
71%
Ne termine pas par S mais avec au moins un S Marseille
71%
Sans la lettre E Privas
71%
Ne termine pas par S mais avec au moins un S Saint-Étienne
71%
Sans la lettre A Créteil
67%
Sans la lettre E Mamoudzou
67%
Ne termine pas par S mais avec au moins un S Besançon
63%
Sans la lettre E Montauban
63%
Ne termine pas par S mais avec au moins un S Lons-le-Saunier
58%
Ne termine pas par S mais avec au moins un S La Roche-sur-Yon
54%
Ne termine pas par S mais avec au moins un S Saint-Brieuc
54%
Ne termine pas par S mais avec au moins un S Basse-Terre
46%
Aucun quiz correspondant
Distribution des résultats
% des personnes avec chaque résultat
Percentile par nombre de réponses
Votre historique - résultats
Vous n’avez pas pris ce quiz depuis la dernière actualisation